Statistics for Државе Света 1914. године

Click here to take the quiz!

General Stats

  • This quiz has been taken 1 110 times
  • The average score is 46 of 59

Answers on the Map

Answers color-coded by a green-red scale on the quiz's map according to % correct below.
 

Answer Stats

Country% Correct
Русија
97%
Француска
96%
Уједињено Краљевство
96%
Шпанија
96%
Италија
96%
Канада
96%
Португал
95%
Кина
95%
Србија
95%
Бразил
94%
Немачка
94%
САД
94%
Јапан
93%
Мексико
93%
Аустралија
92%
Грчка
92%
Аргентина
92%
Норвешка
91%
Османско Царство
91%
Шведска
90%
Чиле
90%
Данска
90%
Бугарска
90%
Румунија
89%
Аустроугарска
88%
Белгија
88%
Албанија
88%
Холандија
87%
Швајцарска
86%
Црна Гора
84%
Уругвај
84%
Персија
83%
Колумбија
82%
Перу
82%
Јужноафричка Унија
80%
Нови Зеланд
79%
Боливија
78%
Куба
78%
Венецуела
77%
Парагвај
76%
Непал
74%
Еквадор
73%
Панама
71%
Етиопија
68%
Сијам
65%
Хондурас
62%
Луксембург
60%
Костарика
58%
Ел Салвадор
56%
Никарагва
55%
Хаити
54%
Гватемала
51%
Доминиканска Република
50%
Сан Марино
45%
Андора
45%
Либерија
44%
Лихтенштајн
42%
Монако
40%
Њуфаундланд
23%

Score Distribution

Percentile by Number Answered

Percent of People with Each Score

Your Score History

You have not taken this quiz